000 00939nam0a22002291 4500
001 rc\3604143
005 20250610050450.0
035 _a(NLR Aleph) 007708935
090 _a6828962
_c6828962
100 _a20130115d1974 |||y0rusy50 ca
101 0 _arus
102 _aRU
105 _ay z |||||
200 1 _aПредложения и замечания по дальнейшему совершенствованию высшего образования в Украинской ССР
_fМ-во высш. и сред. спец. образ. УССР. Респ. совещ. работников высш. школы УССР, г. Киев, 14-15 марта 1974 г.
210 _aКиев
_cБ. и.
_d[1974]
215 _a70 с.
_d20
333 _aДля служебного пользования. Экз. № 000006
801 0 _aRU
_bNLR
_gpsbo
801 1 _aRU
_bELAR
_2rusmarc
852 _aNLR
_j74-50к/4717
942 _cBOOK
980 _aNB